Harry Potter Surnames HARD Quiz Stats

 Plays Quiz not verified by Sporcle

Challenge
Share
Tweet
Embed
Score 0/22 Timer 15:00
0 Plays Today
Name Surname % Correct
DennisCreevey
92.5%
GwenogJones
92.5%
MariettaEdgecombe
90.1%
AmeliaBones
90.1%
AugustaLongbottom
90.1%
AliciaSpinnet
88.7%
AbraxasMalfoy
87.3%
DirkCresswell
81.2%
EloiseMidgen
70%
HestiaCarrow
63.4%
AidanLynch
61.5%
Name Surname % Correct
NewtonScamander
49.8%
JohnDawlish
41.8%
SeptimusWeasley
41.8%
CharlusPotter
40.8%
AmbrosiusFlume
29.6%
EldredWorple
23%
ElphinstoneUrquart
16%
FayDunbar
15.5%
DaisyDodderidge
13.1%
Elliot Smethwyck
12.7%
RandolphKeitch
11.7%

You're not logged in!

Compare scores with friends on all Sporcle quizzes.
Join for Free
OR
Log In

You Might Also Like...

Show Comments

Extras

Created Feb 16, 2012ReportNominate
Tags:Harry Potter Quiz, hard, surname

Top Quizzes Today


Score Distribution

Your Account Isn't Verified!

In order to create a playlist on Sporcle, you need to verify the email address you used during registration. Go to your Sporcle Settings to finish the process.

Report this User

Report this user for behavior that violates our Community Guidelines.

Details: